Actors on Two Long Running Series Quiz Stats

 Plays Quiz Updated Jul 11, 2019

Score 0/25 Timer 04:00
3 Plays Today
% Correct
Ed O'Neill
90.1%
David Duchovny
90%
Ted Danson
89.7%
Tim Allen
87.9%
Tom Selleck
87.3%
Tony Shalhoub
83.9%
Larry Hagman
79.9%
Andy Griffith
79.6%
William Shatner
77%
Carroll O'Connor
76.9%
Michael Landon
76.3%
James Garner
76.2%
Raymond Burr
72.3%
% Correct
Jack Klugman
68.9%
David Boreanaz
68.8%
Matthew Fox
63.3%
Dick Van Dyke
61.5%
Conrad Bain
54.3%
Corbin Bernsen
53%
Michael Chiklis
52.6%
Garrett Morris
49.4%
William Daniels
48.5%
René Auberjonois
47.3%
Judd Hirsch
47%
Jesse Spencer
33.8%

You're not logged in!

Compare scores with friends on all Sporcle quizzes.
OR
Log In

Sporcle TV

Today on Sporcle TV


Watch our educational content, quiz creation guides, and fun videos on Sporcle TV.

Show Comments

Extras

Top Quizzes Today


Score Distribution

Your Account Isn't Verified!

In order to create a playlist on Sporcle, you need to verify the email address you used during registration. Go to your Sporcle Settings to finish the process.

Report this User

Report this user for behavior that violates our Community Guidelines.

Details: